000 00772nam a2200265 a 4500
001 59361
003 BD-RJUL
005 20211209080724.0
008 161224s2001 enka 001 0 eng d
020 _a0582438187
035 _a(BD-RjUL)59485
040 _aBD-RjUL
_beng
_cBD-RjUL
041 _aeng
082 _223
_a346.04342
_bCHL 2001
100 1 _aChappelle, Diane.
_9176556
245 1 0 _aLand law /
_c Diane Chappelle
250 _a5th ed. /
260 _aHarlow :
_bLongman,
_c2001.
300 _axxi, 483 p. :
_btables, ill ;
_c25 cm.
500 _aPrevious ed.: 1999.
504 _aIncludes bibliographical references and index.
650 0 _aReal property
_zEngland.
_9176557
830 0 _aFoundation studies in law series
_9176558
942 _2ddc
_cBK
999 _c59361
_d59361